00554nam a22001937a 450000100060000000300080000600500170001400800410003103500190007204000260009104100080011708200180012510000200014324500460016326000510020930000460026049000390030665000150034525777BD-RjUL20211209050927.0140319r19631958enkab 000 1 eng d a(BD-RjUL)25847 aBD-RjULbengcBD-RjUL aeng a920bNEG 19631 aNeilson, J. B.  aGreat men of the East /cby J.B. Neilson. aLondon : bLongman, cc1958 [Impression 1963]. ax, 130 p. :bill., ports., maps ;c19 cm.1 aGreat men and great eventsvbk. 1  0aBiography.